| 000 | 01224cam a22002774a 4500 | ||
|---|---|---|---|
| 020 | _a8874380216 | ||
| 040 | _cDLC | ||
| 082 | 0 | 0 | _a551 LTA 2004 A084 Or. |
| 245 | 0 | 0 |
_a10th workshop, Italian research on Antarctic atmosphere and SCAR workshop on oceanography : _bRoma, 22-24 October 2003, Italian National Researdch Council / |
| 246 | 3 | _aTenth workshop, Italian research on Antarctic atmosphere and SCAR workshop on oceanography | |
| 246 | 1 | 5 | _a10⁰ workshop, ricerche italiane sull'atmosfera Antartica e SCAR workshop sull'oceanografia |
| 246 | 3 | _aDecimo workshop, ricerche italiane sull'atmosfera Antartica e SCAR workshop sull'oceanografia | |
| 260 |
_aBologna : _bItalian Physical Society, _c2004. |
||
| 300 |
_axii, 349 p. : _bill. ; _c25 cm. |
||
| 490 | 1 | _aConference proceedings / Italian Physical Society, | |
| 500 | _aAt head of title: Italian physical society. | ||
| 650 | 0 | _aAtmospheric physics | |
| 650 | 0 | _aAtmospheric chemistry | |
| 650 | 0 | _aOceanography | |
| 650 | 0 | _aMeteorology | |
| 700 | 1 | _aColacino, M. | |
| 710 | 2 | _aConsiglio nazionale delle ricerche (Italy) | |
| 710 | 2 | _aSocietà italiana di fisica. | |
| 856 | 4 | 1 | _uhttp://www.loc.gov/catdir/toc/fy0607/2006352540.html |
| 942 | _cEK | ||
| 999 |
_c16010 _d16010 |
||